00408 2200157 4500001002100000008004100021035002000062245003400082100001800116260004200134020001800176084001400194082000800208650001900216990001500235INLIS000000000000014 ind  a0010-1025000014 aLelaki HarimaucEka Kurniawan aEka Kurniawan aJakartabGramedia Pustaka Utamac2014 a9786020315088 a138 PRA m a138 aFiksi Realisme aX0114/2021